| 000 | 014270000a22002050004500 | ||
|---|---|---|---|
| 041 | 0 | _aSPA | |
| 082 | 0 | 4 | _aG 173.3 J592h |
| 100 | 1 | _aJewett, Paul K. (King) | |
| 245 | 1 | 0 | _aEl hombre como varón y hembra / Paul K. Jewett ; Ernesto Suárez Vilela, Traductor |
| 260 | _aMiami, FL., USA : Caribe | ||
| 300 | _a205 Pag. | ||
| 500 | _aTítulo original : Man as male and female | ||
| 505 | 0 | 0 | _alas opciones teológicas -- un resumen de declaraciones -- el ideal andrógino -- el enfoque tradicional que incluye la sexualidad humana bajo el matrimonio -- el enfoque que basa la sexualidad humana en la imago Dei -- el hombre y la mujer en la teología de Barth: una evaluación -- la relación entre el hombre y la mujer -- un examen de los textos del nuevo testamento sobre las cuales se basa el enfoque jerárquico de la relación hombre/mujer en la teología cristiana -- elaboración y defensa del enfoque jerárquico -- las mujeres en el antiguo testamento y en el judaísmo -- Jesús y las mujeres -- el argumento paulino reconsiderado -- un análisis del segundo relato de la creación -- el rechazó del enfoque jerárquico de la relación hombre/mujer en favor de una asociación |
| 650 | 1 | 4 | _aSEXO - ASPECTOS RELIGIOSOS - CRISTIANISMO \ MUJERES - ENSEÑANZA BIBLICA |
| 001 | 1287 | ||
| 942 | _cBK | ||
| 999 |
_c32610 _d32610 |
||
| 336 |
_atexto _btxt _2rdacontent |
||
| 337 |
_2rdamedia _asin mediación _bn |
||
| 338 |
_2rdacarrier _avolumen _bnc |
||